[TOP 20] Des catégories/jeux les plus regardés sur Twitch ! (Mai 2022) - Statistiques

Statistiques générales
  • Ce quiz a été pris 496 fois
  • Le résultat moyen est 7 sur 20
Statistiques - réponses
Indices Réponses % Correct
#2: 242k 🥈 League of Legends
82%
#8: 73.8k Fortnite
81%
#1: 342k 🥇 Just Chatting / Discussion
79%
#15: 27.6k Minecraft
68%
#4: 134k VALORANT
64%
#3: 166k 🥉 GTA V
58%
#11: 48.8k FIFA 22
53%
#5: 128k CS:GO
46%
#10: 51.5k Call of Duty: Warzone
40%
#6: 119k Apex Legends
39%
#13: 38.8k World of Warcraft
29%
#9: 54.2k Dota 2
22%
#18: 24.5k Elden Ring
16%
#20: 22.9k Musique
11%
#7: 79.3k Rust
9%
#14: 28.2k Hearthstone
7%
#19: 23.7k Lost Ark
6%
#12: 47.1k Slots / Casino en ligne
6%
#17: 28.4k Dead by Daylight
4%
#16: 27.3k Poppy Playtime
1%
Aucun quiz correspondant
Distribution des résultats
% des personnes avec chaque résultat
Percentile par nombre de réponses
Votre historique - résultats
Vous n’avez pas pris ce quiz